Microfinance in fisheries and aquaculture : Guidelines and case studies

Gorde:
Xehetasun bibliografikoak
Egile nagusia: Tietze, Uwe
Formatua: Liburua
Hizkuntza:Undetermined
Argitaratua: Rome, Italy FAO 2003
Gaiak:
Etiketak: Etiketa erantsi
Etiketarik gabe, Izan zaitez lehena erregistro honi etiketa jartzen!
Thư viện lưu trữ: Trung tâm Học liệu Trường Đại học Cần Thơ
LEADER 00569nam a2200205Ia 4500
001 CTU_69530
008 210402s9999 xx 000 0 und d
082 |a 338.3727 
082 |b T564 
100 |a Tietze, Uwe 
245 0 |a Microfinance in fisheries and aquaculture : 
245 0 |b Guidelines and case studies 
245 0 |c Uwe Tietze and Lolita V. Villareal 
260 |a Rome, Italy 
260 |b FAO 
260 |c 2003 
650 |a Fisheries 
650 |x Economic aspects 
904 |i Minh, Năm 
980 |a Trung tâm Học liệu Trường Đại học Cần Thơ